| 000 | 00800nam a22002657a 4500 | ||
|---|---|---|---|
| 999 |
_c13033 _d13033 |
||
| 003 | AR-CdUCM | ||
| 008 | 190410b ||||| |||| 00| 0 spa d | ||
| 040 |
_aMUNICIPALIDAD PROVINCIAL DEL CUSCO _cBIBLIOTECA MUNICIPAL DEL CUSCO |
||
| 082 |
_aES / 373.869 / _bP19 |
||
| 100 |
_aPalma, Ricardo _9304 |
||
| 110 |
_aBiblioteca Peruana _95588 |
||
| 245 | _aTradiciones Peruanas / | ||
| 260 |
_aLima : _bEdiciones Peisa, _c1973. |
||
| 300 |
_a189 paginas ; _c17 cm. |
||
| 440 |
_aBiblioteca Peruana _n21 _931210 |
||
| 500 | _aCuentos literatura | ||
| 650 |
_aCuentos _945731 |
||
| 650 |
_aHistoria _945732 |
||
| 650 |
_aLiteratura _983 |
||
| 650 |
_aPerĂº _945733 |
||
| 700 |
_aDelgado Olivera, Carlos _91354 |
||
| 700 |
_aAranibar, Carlos _98677 |
||
| 942 |
_2ddc _cLIBROS |
||
| 945 |
_apjha _d2019-04-11 |
||